La lógica del latifundio: las grandes propiedades del noroeste de Costa Rica Rica desde fines del siglo XIX

Guardat en:
Dades bibliogràfiques
Autor principal: Edelman, Marc
Altres autors: Umaña Aguiar, Jeanina
Format: Llibre
Idioma:Spanish
Publicat: San José, Costa Rica: Editorial de la Universidad de Costa Rica : Stanford University Press, 1988.
Edició:1. edición
Col·lecció:Colección Centro de Investigaciones Históricas de América Central
Matèries:
Etiquetes: Afegir etiqueta
Sense etiquetes, Sigues el primer a etiquetar aquest registre!

MARC

LEADER 00000nam a22000007a 4500
008 141117s1988 cr aa|a|r||||a000 0 spa d
020 |a 9977674957 
040 |a CRU CIICLA UNIVERSIDAD DE COSTA RICA 
082 |a 333.32  |b E21-L 
100 1 |a Edelman, Marc 
245 1 3 |a La lógica del latifundio:  |b las grandes propiedades del noroeste de Costa Rica Rica desde fines del siglo XIX  |c Marc Edelman ; traducción Jeanina Umaña Aguiar 
250 |a 1. edición 
260 |a San José, Costa Rica:  |b Editorial de la Universidad de Costa Rica : Stanford University Press,   |c 1988. 
300 |a 516 páginas:   |b ilustraciones, mapas 
490 1 0 |a Colección Centro de Investigaciones Históricas de América Central 
650 1 4 |a LATIFUNDIOS  |z GUANACASTE (COSTA RICA) 
650 1 4 |a HACIENDAS  |z GUANACASTE (COSTA RICA) 
700 1 7 |a Umaña Aguiar, Jeanina  |j traducción 
942 |2 ddc  |c BK 
999 |c 3571  |d 3571